| 000 | 00871nam a2200205Ia 4500 | ||
|---|---|---|---|
| 003 | GCL | ||
| 008 | 140319s9999 xx 000 0 ara d | ||
| 040 |
_aGCL / _cGCL |
||
| 082 | 0 | 4 |
_a219.3 _bم ت |
| 100 | 1 | _aمحمد جابر الانصارى | |
| 245 | 1 | 0 |
_aالتأذم السياسى عند العرب وموقف الاسلام: مكونات الحالة المزمنة نظرة مغايرة من خصوصية الاشكال السياسى عند العرب وموقف الاسلام منه / _cمحمد جابر الانصارى |
| 300 | _a200 ص | ||
| 490 |
_aالهيئة العامة للاستعلامات _v0 |
||
| 650 | 0 | 4 | _aالاسلام |
| 650 | 0 | 4 | _aالسياسة |
| 650 | 0 | 4 | _aالاسلام والسياسة |
| 650 | 0 | 4 | _aالسياسات الادارية |
| 650 | 0 | 4 | _aالاسلام وقضايا الاصلاح السياسى |
| 942 |
_2ddc _cBK |
||
| 999 |
_c50412 _d50412 |
||